<?xml version="1.0" encoding="UTF-8"?>
<record
    xmlns:xsi="http://www.w3.org/2001/XMLSchema-instance"
    xsi:schemaLocation="http://www.loc.gov/MARC21/slim http://www.loc.gov/standards/marcxml/schema/MARC21slim.xsd"
    xmlns="http://www.loc.gov/MARC21/slim">

  <leader>00738cam a22002411a 4500</leader>
  <controlfield tag="001">he 68003696 </controlfield>
  <controlfield tag="003">DLC</controlfield>
  <controlfield tag="005">20260227111506.0</controlfield>
  <controlfield tag="008">970326s1968    is       b    000 0 hebo </controlfield>
  <datafield tag="010" ind1=" " ind2=" ">
    <subfield code="a">he 68003696 </subfield>
  </datafield>
  <datafield tag="035" ind1=" " ind2=" ">
    <subfield code="a">(OCoLC)36635740</subfield>
  </datafield>
  <datafield tag="040" ind1=" " ind2=" ">
    <subfield code="a">DLC</subfield>
    <subfield code="c">ICU</subfield>
    <subfield code="d">NNL</subfield>
    <subfield code="d">DLC</subfield>
  </datafield>
  <datafield tag="042" ind1=" " ind2=" ">
    <subfield code="a">premarc</subfield>
  </datafield>
  <datafield tag="050" ind1="0" ind2="0">
    <subfield code="a">BS1712</subfield>
    <subfield code="b">.L5</subfield>
  </datafield>
  <datafield tag="130" ind1="0" ind2=" ">
    <subfield code="a">Bible.</subfield>
    <subfield code="p">Apocrypha.</subfield>
    <subfield code="p">2 Esdras III-XIV.</subfield>
    <subfield code="l">Hebrew.</subfield>
    <subfield code="s">Licht.</subfield>
    <subfield code="f">1968.</subfield>
  </datafield>
  <datafield tag="245" ind1="1" ind2="0">
    <subfield code="a">Sefer &#x1E24;azon &#x2BB;Ezra /</subfield>
    <subfield code="c">tirgem, piresh &#x1E7F;e-tsiref mavo Ya&#x2BB;a&#x1E33;ov Likh&#x1E6D;.</subfield>
  </datafield>
  <datafield tag="246" ind1="3" ind2="0">
    <subfield code="a">&#x1E24;azon &#x2BB;Ezra</subfield>
  </datafield>
  <datafield tag="260" ind1=" " ind2=" ">
    <subfield code="a">Yerushalayim :</subfield>
    <subfield code="b">Mosad Bi&#x2BC;ali&#x1E33;,</subfield>
    <subfield code="c">1968.</subfield>
  </datafield>
  <datafield tag="300" ind1=" " ind2=" ">
    <subfield code="a">103 p. ;</subfield>
    <subfield code="c">19 cm.</subfield>
  </datafield>
  <datafield tag="440" ind1=" " ind2="0">
    <subfield code="a">Sifriyat "Dorot" ;</subfield>
    <subfield code="v">6</subfield>
  </datafield>
  <datafield tag="504" ind1=" " ind2=" ">
    <subfield code="a">Includes bibliographical references.</subfield>
  </datafield>
  <datafield tag="700" ind1="1" ind2=" ">
    <subfield code="a">Licht, Jacob.</subfield>
  </datafield>
  <datafield tag="999" ind1=" " ind2=" ">
    <subfield code="c">33954</subfield>
    <subfield code="d">33954</subfield>
  </datafield>
</record>
